Sports Quiz

Random Sports or Country Quiz

FIFA 100 Quiz Stats

 Plays Quiz Updated Oct 30, 2018

Support Sporcle.
Go Orange.
Score 0/125 Timer 14:00
17 Plays Today
Country Player % Correct
BrazilRonaldo
87.2%
ArgentinaDiego Maradona
72.2%
EnglandDavid Beckham
65.5%
FranceZinédine Zidane
64%
BrazilPelé
63.7%
GhanaAbedi Pele
63.4%
BrazilRonaldinho
62.4%
FranceThierry Henry
60.1%
BrazilRivaldo
45.6%
Northern IrelandGeorge Best
45.2%
BrazilRoberto Carlos
45%
NetherlandsJohan Cruijff
44.1%
EnglandMichael Owen
43.5%
PortugalLuís Figo
43%
ItalyPaolo Maldini
41.7%
NetherlandsMarco van Basten
41.6%
Czech RepublicPavel Nedvěd
41.3%
EnglandBobby Charlton
41%
GermanyFranz Beckenbauer
41%
SpainRaúl
40.3%
FranceMichel Platini
38.7%
IrelandRoy Keane
38%
ArgentinaGabriel Batistuta
37.5%
ItalyGianluigi Buffon
37.3%
GermanyGerd Müller
37.1%
BrazilRomário
36.3%
NetherlandsDennis Bergkamp
35.5%
UkraineAndriy Shevchenko
35.2%
BrazilCafu
34.4%
LiberiaGeorge Weah
34.4%
EnglandAlan Shearer
34.2%
ItalyRoberto Baggio
34.1%
ItalyAlessandro Del Piero
33%
PortugalEusébio
33%
BrazilZico
32.8%
DenmarkMichael Laudrup
32.6%
DenmarkBrian Laudrup
32.6%
GermanyMichael Ballack
32.2%
NetherlandsRuud Gullit
32.2%
CroatiaDavor Šuker
32%
HungaryFerenc Puskás
31.7%
ItalyFrancesco Totti
31.1%
Country Player % Correct
EnglandGary Lineker
30.3%
DenmarkPeter Schmeichel
29.7%
NetherlandsRuud van Nistelrooy
29.6%
GermanyJürgen Klinsmann
29.5%
BulgariaHristo Stoichkov
28.7%
GermanyOliver Kahn
28.3%
RomaniaGheorghe Hagi
26.5%
ItalyPaolo Rossi
26.3%
ItalyAlessandro Nesta
26.2%
BrazilSócrates
25.5%
CameroonRoger Milla
25.1%
EnglandGordon Banks
24.7%
FrancePatrick Vieira
24%
ArgentinaHernán Crespo
23.9%
FranceDavid Trézéguet
23.4%
NetherlandsEdgar Davids
23.2%
FranceMarcel Desailly
23.1%
PortugalRui Costa
22.9%
FranceLilian Thuram
22.7%
GermanyLothar Matthäus
22.6%
NetherlandsFrank Rijkaard
22.4%
ArgentinaJuan Sebastián Verón
22.3%
ArgentinaAlfredo di Stéfano
22.1%
FranceEric Cantona
21.9%
ItalyDino Zoff
21.8%
NetherlandsPatrick Kluivert
21.8%
ColombiaCarlos Valderrama
21.5%
FranceDidier Deschamps
21.4%
ItalyChristian Vieri
21.3%
SenegalEl Hadji Diouf
21.3%
MexicoHugo Sánchez
21.1%
NigeriaJay-Jay Okocha
20.5%
NetherlandsClarence Seedorf
20.4%
ItalyFranco Baresi
19.8%
ArgentinaMario Kempes
19.8%
ScotlandKenny Dalglish
18.9%
JapanHidetoshi Nakata
18.7%
FranceRobert Pires
18%
ArgentinaJavier Zanetti
17.5%
BrazilCarlos Alberto
17%
EnglandKevin Keegan
15.2%
ChileIván Zamorano
14.3%
Country Player % Correct
FranceJust Fontaine
14.1%
GermanyKarl-Heinz Rummenigge
13.7%
FranceJean-Pierre Papin
12.8%
NetherlandsJohan Neeskens
12.1%
United StatesMia Hamm
10.8%
BrazilRivelino
10.5%
ArgentinaJavier Saviola
10%
PolandZbigniew Boniek
9.8%
TurkeyRüştü Reçber
9.6%
BrazilFalcão
9.5%
ArgentinaDaniel Passarella
8.8%
SpainEmilio Butragueño
8.7%
TurkeyEmre Belözoğlu
8.3%
SpainLuis Enrique
7.9%
BrazilNílton Santos
7.5%
BrazilDjalma Santos
7.4%
FranceRaymond Kopa
7.2%
PeruTeófilo Cubillas
7.1%
GermanyPaul Breitner
7.1%
GermanySepp Maier
7%
GermanyUwe Seeler
6.8%
ItalyGianni Rivera
6.8%
BelgiumJean-Marie Pfaff
6.7%
BrazilJúnior
6.4%
UruguayEnzo Francescoli
5.6%
FranceMarius Trésor
5.3%
BelgiumJan Ceulemans
4.9%
ItalyGiuseppe Bergomi
4.9%
NetherlandsRob Rensenbrink
4.8%
Czech RepublicJosef Masopust
4.5%
Korea RepublicHong Myung-Bo
4.2%
ArgentinaOmar Sivori
4.2%
BelgiumFranky van der Elst
4.2%
United StatesMichelle Akers
4%
ItalyGiacinto Facchetti
4%
NetherlandsRené van de Kerkhof
3.9%
NetherlandsWilly van de Kerkhof
3.9%
ChileElías Figueroa
3.4%
RussiaRinat Dasayev
2.4%
ParaguayRomerito
2.4%
ItalyGiampiero Boniperti
2.3%

From the Vault

Start the Christmas Song

by LTH

Holiday 5m
This is one of those quizzes where it seems like every department store in America is there to help you.
Remove Ads.
Support Sporcle.
Get the best of Sporcle when you Go Orange. This ad-free experience offers more features, more stats, and more fun while also helping to support Sporcle. Thank you for becoming a member.

Show Comments

Extras

Top Quizzes Today


Score Distribution

Your Account Isn't Verified!

In order to create a playlist on Sporcle, you need to verify the email address you used during registration. Go to your Sporcle Settings to finish the process.

Report this User

Report this user for behavior that violates our Community Guidelines.

Details: